[Event "Dulles Skyline op-B"]
[Site "Dulles"]
[Date "2022.10.09"]
[Round "4"]
[White "Briegel, Jason"]
[Black "Ammasani, Smayan"]
[Result "0-1"]
[WhiteElo "1894"]
[BlackElo "1521"]
[PlyCount "84"]
[EventDate "2022.10.08"]
[EventType "swiss"]
[EventRounds "6"]
[EventCountry "USA"]
[SourceTitle "CBM 210 Extra"]
[Source "ChessBase"]
[SourceDate "2022.11.30"]
[SourceVersion "1"]
[SourceVersionDate "2022.11.30"]
[SourceQuality "1"]

1. e4 c5 2. Nf3 d6 3. c3 Nf6 4. Be2 Bd7 5. Qc2 Bc6 6. d3 Nbd7 7. 0-0 e6 8. Nbd2 Be7 9. Re1 b6 10. d4 cxd4 11. cxd4 Bb7 12. b3 Rc8 13. Qd3 0-0 14. Bf1 Re8 15. Bb2 Bf8 16. Rac1 g6 17. Qb1 Bg7 18. Ba3 Bf8 19. Bb2 Rxc1 20. Rxc1 Qa8 21. Bd3 Rc8 22. Re1 Ne8 23. Qd1 Ndf6 24. Qe2 Bg7 25. Nb1 Qb8 26. Nc3 e5 27. d5 Nd7 28. Nd2 Nc5 29. Rc1 Bh6 30. Rc2 Bxd2 31. Qxd2 Ng7 32. Bf1 Nh5 33. Bc1 Ng7 34. Qh6 f5 35. f3 Rf8 36. b4 Nd7 37. Nb5 a6 38. Rc7 Bc8 39. Rxd7 Bxd7 40. Nc3 fxe4 41. fxe4 b5 42. Qh4 Qb6+ 0-1